Οδηγίες εκπόνησης σχεδίων διαχείρισης προστατευόμενων περιοχών

Αποθηκεύτηκε σε:
Λεπτομέρειες βιβλιογραφικής εγγραφής
Συλλογικό Έργο: Ελληνικό Κέντρο Βιοτόπων-Υγροτόπων, Ελλάς Υπουργείο Περιβάλλοντος Χωροταξίας και Δημοσίων Έργων
Μορφή: Βιβλίο
Γλώσσα:Greek
Δημοσίευση: Αθήνα : Υπουργείο Περιβάλλοντος Χωροταξίας & Δημοσίων Έργων, 2004
Θέματα:
Ετικέτες: Προσθήκη ετικέτας
Δεν υπάρχουν, Καταχωρήστε ετικέτα πρώτοι!

MARC

LEADER 00000cam a2200000 i 4500
001 1/23563
008 060202s2004 gre d
020 |a 960-7511-23-9 
035 |l 10082460 
040 |a GR-MY-UA  |b gre  |e aacr 
041 0 |a gre 
082 0 |a 333.72  |2 (22) 
110 2 |a Ελληνικό Κέντρο Βιοτόπων-Υγροτόπων. 
245 1 0 |a Οδηγίες εκπόνησης σχεδίων διαχείρισης προστατευόμενων περιοχών /  |c Ελληνικό Κέντρο Βιοτόπων-Υγροτόπων ; Υπουργείο Περιβάλλοντος Χωροταξίας & Δημοσίων Έργων 
260 |a Αθήνα :   |b Υπουργείο Περιβάλλοντος Χωροταξίας & Δημοσίων Έργων,   |c 2004 
300 |a 71 σ.;  |b πιν.;  |c 21 εκ. 
504 |a Περιέχει βιβλιογραφία (σ. 69-71) 
650 0 0 |a Natural areas  |z Greece. 
650 0 0 |a Environmental protection  |z Greece. 
650 0 0 |a Environmental management  |z Greece. 
710 1 |a Ελλάς  |b Υπουργείο Περιβάλλοντος Χωροταξίας και Δημοσίων Έργων. 
852 |a INST  |b LESVOS  |e 20060202  |h 333.72 ΕΛΛ  |p 005100034121  |q 005100034121  |t BK  |y 0 
901 |a BIBL1-2006-1 
909 |a Λ  |b 125714 
970 |a ΚΑΡΑ  |b ΓΙΑΣΕΜΗ  |z 2006/02/02